[Event "Sampa Chess Open 2024"]
[Site "Sao Paulo"]
[Date "2024.02.03"]
[Round "8.23"]
[White "Ikejiri, Daniel Yoshito"]
[Black "Lima, Hamilton Da Silva"]
[Result "1-0"]
[WhiteElo "1916"]
[BlackElo "1778"]
[PlyCount "37"]
[EventDate "2024.01.29"]
[EventRounds "9"]
[EventCountry "BRA"]

1. e4 e5 2. Nf3 Nc6 3. d4 d6 4. dxe5 Nxe5 5. Nxe5 dxe5 6. Qxd8+ Kxd8 7. Nc3 c6
({RR} 7... a6 8. Be3 Bd6 9. O-O-O Nf6 10. Be2 h6 11. f4 Ke8 12. Rhf1 Be6 13. f5
Bd7 14. g4 Bc6 15. Bf3 Rd8 16. h4 Be7 17. g5 hxg5 18. hxg5 Rxd1+ 19. Rxd1 Nd7
20. Rh1 Rxh1+ 21. Bxh1 f6 22. gxf6 {Demir,A (1354)-Tekinyer,G Konya TUR 2019
1-0 (52)}) 8. Bc4 f6 ({RR} 8... Ke8 9. a4 Bb4 10. Be3 Nf6 11. f3 Ke7 12. Kf2
Be6 13. Bxe6 Kxe6 14. Ne2 g6 15. Nc1 Nd7 16. Nb3 a5 17. Rhd1 f5 18. exf5+ gxf5
19. Rd3 f4 20. Bd2 Bc5+ 21. Kf1 Bb6 22. Re1 Rhf8 23. Bc3 {Severina,M (2276)
-Cerveny,M (2394) Pardubice 2015 1/2-1/2 (45)}) 9. Be3 Bb4 10. O-O $146 ({RR} 
10. O-O-O+ Kc7 11. Ne2 g5 12. c3 Be7 13. Ng3 h5 14. Bxg8 Rxg8 15. Nxh5 Bg4 16.
Nxf6 Bxf6 17. f3 Be6 18. Kb1 b6 19. b3 Rad8 20. c4 Rxd1+ 21. Rxd1 Rd8 22. Rxd8
Bxd8 23. h3 Be7 24. Kc2 a5 {Lapenko,A (1654)-Anastasiev,V (2049) Kemerovo 2011
1/2-1/2 (43)}) ({RR} 10. O-O-O+ Kc7 11. Ne2 b5 12. Bb3 h5 13. h4 Nh6 14. f3 f5
15. exf5 Bxf5 16. Ng3 Bg6 17. c3 Bd6 18. Bc2 Bxc2 19. Kxc2 g6 20. Ne4 Nf5 21.
Bg5 Be7 22. Bxe7 Nxe7 23. Ng5 Nd5 24. Rhe1 Rhe8 {Meduna,E (1842)-Petruska,M 
(2006) Brno 2010 1/2-1/2}) ({RR} 10. O-O-O+ Kc7 11. Ne2 Bg4 12. f3 Bh5 13. Rd3
Ne7 14. Rhd1 Rhd8 15. Rxd8 Rxd8 16. Rxd8 Kxd8 17. Bxa7 Nc8 18. Be3 Nd6 19. Bd3
Ba5 20. c3 Bf7 21. b3 b5 22. Kc2 Be6 23. g4 g5 24. Ng3 Kd7 {Jaramillo,V-Lopez,
L Barranquilla 1995 1-0 (64)}) 10... Ne7 11. Rfd1+ Kc7 12. Ne2 Ng6 13. c3 Be7
14. a4 Bd7 15. h3 Rhf8 16. a5 Rad8 17. Bxa7 Kc8 18. Bb6 Rde8 19. a6 1-0

[Event "Sampa Chess Open 2024"]
[Site "Sao Paulo"]
[Date "2024.02.03"]
[Round "8.24"]
[White "Cruz, Natan Gomes"]
[Black "Matiuci, Bernardo Steinle"]
[Result "1-0"]
[WhiteElo "1888"]
[BlackElo "1546"]
[PlyCount "45"]
[EventDate "2024.01.29"]
[EventRounds "9"]
[EventCountry "BRA"]

1. e4 c5 2. Nf3 Nc6 3. Bb5 Nf6 4. Nc3 Qc7 5. O-O g6 ({RR} 5... a6 6. Bxc6 dxc6
7. h3 e5 8. d3 h6 9. a4 a5 10. Nd2 Be6 11. b3 g6 12. Nc4 Nh5 13. Bb2 Bg7 14.
Ne2 b5 15. Ne3 O-O 16. axb5 cxb5 17. c4 Nf4 18. Nc3 Qb7 19. Qc2 Rfd8 20. Ncd5 {
Wang,H (2638)-Wang,Y (2656) Shandong 2007 1-0 (40)}) 6. Re1 d6 $146 ({RR} 6...
Bg7 7. d3 a6 8. e5 Ng4 9. Bxc6 dxc6 10. Bf4 h5 11. h3 Nh6 12. Ne4 b6 13. Qd2
Be6 14. Nf6+ Kf8 15. Ng5 Nf5 16. Ngh7+ Rxh7 17. Nxh7+ Kg8 18. Ng5 Qd7 19. c3
Rd8 20. Qe2 a5 21. g4 {Szmetan,J-Pelikan,J Santa Fe 1973 1-0}) ({RR} 6... Bg7
7. e5 Ng4 8. Bxc6 dxc6 9. Qe2 O-O 10. h3 Nh6 11. d3 Nf5 12. Bf4 Be6 13. Ne4 Nd4
14. Nxd4 cxd4 15. Ng5 Bd5 16. Qg4 e6 17. Qh4 h6 18. Ne4 Bxe4 19. Rxe4 {1-0 (19)
Barski,R (2471)-Warakomski,T (2497) Chorzow POL 2019}) ({RR} 6... Bg7 7. e5 Ng4
8. Bxc6 dxc6 9. Qe2 O-O 10. d3 Be6 11. Bf4 Nh6 12. Qe3 Nf5 13. Qxc5 a5 14. Ne4
Rfd8 15. Qc3 b5 16. Qd2 h6 17. h3 g5 18. Bh2 c5 19. Nf6+ Kh8 20. Qe2 Qc6 21.
Qe4 {Philipowski,R (2296)-Kabisch,T (2256) Leinfeld 2002 0-1 (55)}) ({RR} 6...
Bg7 7. h3 e5 8. Nd5 Nxd5 9. exd5 Nd4 10. Nxd4 cxd4 11. c4 a6 12. Ba4 Qxc4 13.
Bb3 Qc5 14. d3 O-O 15. Bd2 b5 16. Rc1 Qd6 17. Ba5 Bb7 18. Bc7 Qe7 19. Qg4 Rfe8
20. d6 Qf6 21. Qxd7 {Gabarro Sole,R (2113)-Gomez Jurado,L (2301) Mislata 2007
1-0 (31)}) 7. Nd5 Nxd5 8. exd5 a6 9. Bf1 Nb8 10. d4 Bg7 11. Bg5 f6 12. Be3 c4
13. a4 Bg4 14. a5 Nd7 15. Qe2 Rc8 16. Bh6 Bf8 17. Ra4 b5 18. axb6 Nxb6 19. Rxa6
Nxd5 20. Bxf8 Rxf8 21. Qe4 Bxf3 22. gxf3 Qb7 23. Ra5 1-0

[Event "Sampa Chess Open 2024"]
[Site "Sao Paulo"]
[Date "2024.02.03"]
[Round "8.25"]
[White "Rigonati, Eduardo Enrico Sant"]
[Black "Dos Santos Junior, Haroldo Cunha"]
[Result "1-0"]
[WhiteElo "1827"]
[BlackElo "2033"]
[PlyCount "99"]
[EventDate "2024.01.29"]
[EventRounds "9"]
[EventCountry "BRA"]

1. e4 e5 2. Nf3 Nc6 3. d4 exd4 4. Bc4 d6 5. Nxd4 Be7 6. Nc3 Nf6 7. O-O O-O 8.
h3 Re8 9. Re1 Bf8 10. Bg5 h6 11. Bh4 Ne5 12. Bb3 a6 13. a4 g5 $146 ({RR} 13...
c6 14. Kh1 Bd7 15. f4 Ng6 16. Bg3 c5 17. Nf3 b5 18. axb5 axb5 19. Rxa8 Qxa8 20.
Bd5 Qc8 21. Bh2 b4 22. Nb1 Nxd5 23. Qxd5 Bc6 24. Qd3 Qb7 25. Nbd2 d5 26. e5 Be7
27. Bg3 c4 28. Qf1 {Bogomolow,S (2193)-Margraf,D (2209) Germany 2017 0-1 (63)})
14. Bg3 Ng6 15. Qf3 Bg7 16. Nf5 Ne5 17. Bxe5 Rxe5 18. Nxg7 Kxg7 19. Nd5 Nxd5
20. Bxd5 f6 21. Qb3 Qe7 22. f4 gxf4 23. Qf3 Rg5 24. h4 Rg6 25. Qxf4 c6 26. Bc4
Qe5 27. Qxe5 fxe5 28. Rf1 Be6 29. Bxe6 Rxe6 30. Ra3 Rf6 31. Rg3+ Kf7 32. Rxf6+
Kxf6 33. h5 d5 34. Rg6+ Kf7 35. Rxh6 dxe4 36. Kf2 Rg8 37. Rg6 Rd8 38. Ke3 Rd4
39. b3 c5 40. Rb6 c4 41. g4 cxb3 42. cxb3 Rd1 43. Kxe4 Re1+ 44. Kf5 e4 45.
Rxb7+ Kf8 46. Kf4 e3 47. Kf3 e2 48. Kf2 Rg1 49. Kxe2 Rxg4 50. h6 1-0

[Event "Sampa Chess Open 2024"]
[Site "Sao Paulo"]
[Date "2024.02.03"]
[Round "8.26"]
[White "Tsuboi, Edson Kenji"]
[Black "Dos Santos, Felipe Zeuli Biller"]
[Result "1-0"]
[WhiteElo "2200"]
[BlackElo "1538"]
[PlyCount "79"]
[EventDate "2024.01.29"]
[EventRounds "9"]
[EventCountry "BRA"]

1. e4 c5 2. Nf3 g6 3. d4 cxd4 4. Nxd4 Bg7 5. c4 Nc6 6. Be3 Nf6 7. Nc3 O-O 8.
Be2 d6 9. O-O Nxd4 10. Bxd4 Be6 11. Re1 ({RR} 11. h3 a6 12. f4 Qa5 13. Qd3 Rfc8
14. b3 Rab8 15. Kh1 b5 16. cxb5 axb5 17. Nxb5 Bd7 18. a4 Qb4 19. Rad1 Bxb5 20.
axb5 Nd7 21. Bxg7 Kxg7 22. Qe3 Qc3 23. Rf3 Qxe3 24. Rxe3 Nc5 25. e5 dxe5 {
Cheparinov,I (2715)-Wan Yunguo (2523) China CHN 2018 1-0 (45)}) 11... a6 ({RR} 
11... Qa5 12. Nd5 Bxd5 13. exd5 Rfe8 14. Bf1 Rac8 15. b4 Qc7 16. Qb3 Nd7 17.
Bxg7 Kxg7 18. Re3 Kg8 19. Rae1 Ne5 20. Re4 a5 21. a3 Qb6 22. c5 Qa7 23. Qe3
Red8 24. Qh6 Nd7 25. Rxe7 Nf6 26. Qf4 {Stein,R (2287)-Lahav,M (2200) Budapest
HUN 2019 1-0}) 12. Bd3 $146 ({RR} 12. Bf1 Re8 13. Nd5 Bxd5 14. exd5 Qd7 15. a4
a5 16. Ra3 Qc7 17. Rae3 Kf8 18. h3 Ng8 19. Bxg7+ Kxg7 20. Qd4+ f6 21. h4 b6 22.
Bd3 Qc5 23. Qg4 Rf8 24. Bxg6 hxg6 25. Rg3 g5 26. hxg5 f5 {Kutuzov,D (2292)
-Gaboev,B (2133) Moscow 2008 1-0}) ({RR} 12. Bf1 Rc8 13. Nd5 Nd7 14. Bxg7 Kxg7
15. Qd4+ f6 16. f4 Bf7 17. g3 e5 18. Qf2 Bxd5 19. cxd5 f5 20. exf5 Rxf5 21. Bh3
Rf6 22. Qe3 exf4 23. gxf4 Rc7 24. Qd4 Nc5 25. f5 Nd7 26. fxg6 Ne5 {Saric,A 
(2505)-Mrdja,M (2360) Zagreb 2008 1/2-1/2 (99)}) ({RR} 12. Bf1 Rc8 13. Nd5 Nd7
14. Bxg7 Kxg7 15. a4 a5 16. Qd4+ f6 17. Re3 Bf7 18. b3 Nc5 19. Rb1 e6 20. Nc3
Qb6 21. h4 Nxa4 22. Qxb6 Nxb6 23. Ra1 Ra8 24. Nb5 Rfd8 25. Nc7 Rac8 26. Nb5 a4
{Hambleton,A (2492)-Rajbhandari,R (1937) Batumi GEO 2018 0-1 (87)}) 12... Rc8
13. Nd5 Bxd5 14. exd5 Re8 15. Qd2 Nd7 16. Bxg7 Kxg7 17. Re3 Ne5 18. Be2 Kg8 19.
b3 Qb6 20. Rd1 a5 21. Rh3 e6 22. Qh6 exd5 23. Qxh7+ Kf8 24. Qh6+ Ke7 25. Rxd5
Kd7 26. Qd2 Qb4 27. f4 Qxd2 28. Rxd2 Nc6 29. Rhd3 Re6 30. c5 Rce8 31. Kf2 Nb4
32. Rxd6+ Rxd6 33. Rxd6+ Kc7 34. Bc4 Rd8 35. Rxd8 Kxd8 36. a4 Na2 37. g4 Ke7
38. h4 Kf6 39. Ke3 Nb4 40. Ke4 1-0

[Event "Sampa Chess Open 2024"]
[Site "Sao Paulo"]
[Date "2024.02.03"]
[Round "8.27"]
[White "Munhoz, Joao Pedro"]
[Black "Carvalho Jr, Celestino"]
[Result "1/2-1/2"]
[WhiteElo "1608"]
[BlackElo "1939"]
[PlyCount "87"]
[EventDate "2024.01.29"]
[EventRounds "9"]
[EventCountry "BRA"]

1. c4 Nf6 2. Nf3 g6 3. g3 Bg7 4. Bg2 d6 5. O-O e5 6. Nc3 O-O 7. d3 Nc6 8. a3
Bd7 ({RR} 8... Be6 9. b4 a6 10. Bb2 h6 11. Nd2 Qd7 12. Re1 Nh7 13. Nd5 f5 14.
f4 g5 15. e3 Rae8 16. Qc2 Nd8 17. a4 h5 18. Nf3 Nf7 19. h4 c6 20. Nb6 Qd8 21.
a5 gxh4 22. gxh4 Nh6 23. Ng5 {Chernin,A (2600)-Tiviakov,S (2625) Moscow 1995
1-0 (47)}) 9. Qc2 ({RR} 9. Rb1 Rb8 10. b4 a6 11. h3 b5 12. e4 Nd4 13. Nxd4 exd4
14. Ne2 bxc4 15. Nxd4 cxd3 16. Qxd3 c5 17. bxc5 Rxb1 18. Qxb1 dxc5 19. Nb3 Bb5
20. Re1 Bd3 21. Qa2 Qb6 22. Nd2 c4 23. e5 Nd7 {Gasanov,E (2500)-Stefansson,H 
(2523) Prague CZE 2019 0-1 (39)}) 9... Qc8 10. Re1 Re8 11. b4 $146 ({RR} 11.
Bd2 Rb8 12. Rab1 Bf5 13. e4 Bh3 14. b4 Bxg2 15. Kxg2 Rf8 16. b5 Ne7 17. Rbc1
Nd7 18. Na4 c5 19. bxc6 Qxc6 20. Be3 Rbc8 21. Qb3 b6 22. Nc3 Nc5 23. Bxc5 dxc5
24. Nd5 Nxd5 25. exd5 Qd6 {Cozl,D (2012)-Koubek,V (2080) Czechia 2010 0-1 (39)}
) 11... e4 12. dxe4 Nxe4 13. Bb2 Bf5 14. Nxe4 Bxe4 15. Qd2 Qd8 16. Bxg7 Kxg7
17. Qc3+ Qf6 18. Rac1 Re7 19. Ng5 Qxc3 20. Rxc3 Bxg2 21. Kxg2 Rae8 22. e3 b6
23. Nh3 a5 24. Rb1 axb4 25. axb4 Ra8 26. Nf4 Ra4 27. Nd5 Rd7 28. f4 f5 29. Kf3
Ne7 30. e4 Ra2 31. exf5 Nxf5 32. h4 h5 33. Rd1 c5 34. Rcd3 Rb7 35. Nc3 Rc2 36.
Nb5 Re7 37. Nxd6 Nd4+ 38. Rxd4 cxd4 39. Rxd4 Rc3+ 40. Kf2 Ra7 41. Ne4 Ra2+ 42.
Rd2 Rac2 43. Kg2 Kf7 44. Kh3 1/2-1/2

[Event "Sampa Chess Open 2024"]
[Site "Sao Paulo"]
[Date "2024.02.03"]
[Round "8.28"]
[White "Gazineu Neto, Rubens"]
[Black "Blanco, Gustavo Jose Bachur"]
[Result "1-0"]
[WhiteElo "1912"]
[BlackElo "1491"]
[PlyCount "87"]
[EventDate "2024.01.29"]
[EventRounds "9"]
[EventCountry "BRA"]

1. e4 c5 2. Nf3 d6 3. d4 cxd4 4. Nxd4 Nf6 5. Nc3 a6 6. Be3 e5 7. Nb3 Be6 8. Qd2
Ng4 9. Bg5 f6 10. Bh4 g5 11. Bg3 Nd7 $146 ({RR} 11... h5 12. h3 Nh6 13. f3 h4
14. Bf2 Nd7 15. O-O-O Qc7 16. Nd5 Bxd5 17. Qxd5 Rc8 18. c3 b5 19. Kb1 Be7 20.
Rc1 Qc6 21. Qxc6 Rxc6 22. c4 bxc4 23. Bxc4 Nb8 24. Na5 Rc8 25. Be6 Rxc1+ 26.
Rxc1 {Kuna,M (1885)-Svonavec,S (1985) Slovakia 2016 1-0 (40)}) 12. f3 Nh6 13.
h4 g4 14. Bf2 Qc7 15. O-O-O O-O-O 16. Kb1 Kb8 17. Qe3 Nf7 18. Nd5 Bxd5 19. Rxd5
Nc5 20. fxg4 Rc8 21. c3 Nd8 22. Be2 Nc6 23. Rhd1 Ne6 24. g3 Be7 25. Nd2 Nc5 26.
Nc4 Rcd8 27. Qf3 b5 28. Ne3 b4 29. Nf5 bxc3 30. Bxc5 dxc5 31. Qxc3 Nd4 32. Bxa6
Rxd5 33. exd5 Rg8 34. Nxd4 cxd4 35. Qf3 Ka7 36. Rc1 Qb6 37. Rc6 Qb4 38. a3 Qd2
39. Bb5 Qe1+ 40. Ka2 e4 41. Qb3 Qa5 42. Ra6+ Qxa6 43. Bxa6 Kxa6 44. Qa4+ 1-0

[Event "Sampa Chess Open 2024"]
[Site "Sao Paulo"]
[Date "2024.02.03"]
[Round "8.29"]
[White "Barberi, Catarina"]
[Black "Cristino, Felipe Borges"]
[Result "0-1"]
[WhiteElo "1524"]
[BlackElo "1890"]
[PlyCount "114"]
[EventDate "2024.01.29"]
[EventRounds "9"]
[EventCountry "BRA"]

1. d4 Nf6 2. Nf3 c5 3. d5 e6 4. c4 exd5 5. cxd5 g6 6. g3 d6 7. Bg2 Bg7 8. Nc3
O-O 9. O-O Na6 10. e4 Re8 ({RR} 10... Nc7 11. a4 Bg4 12. Re1 Nd7 13. Bf4 Ne5
14. Bxe5 Bxe5 15. Qd3 Bxf3 16. Bxf3 Qf6 17. Bg2 Bd4 18. Rf1 a6 19. a5 Rab8 20.
Ra2 b5 21. h3 b4 22. Nd1 b3 23. Ra3 Rb4 24. Rxb3 c4 25. Qxd4 {Wang,Y (2736)
-Shabalov,A (2585) Beijing 2008 1/2-1/2 (41)}) 11. Re1 b6 $146 ({RR} 11... Bg4
12. Bf4 Nh5 13. h3 Bxf3 14. Qxf3 Nxf4 15. gxf4 Rb8 16. Bf1 Nc7 17. a4 b6 18.
Rad1 a6 19. e5 dxe5 20. d6 Ne6 21. fxe5 Qg5+ 22. Qg2 Qxg2+ 23. Kxg2 Nd4 24. f4
b5 25. axb5 axb5 26. Ne4 {Giese,R-Puhlmann,R Germany 1991 1-0 (45)}) ({RR} 
11... Ng4 12. Bf4 Nc7 13. a4 b6 14. h3 Ne5 15. Nxe5 dxe5 16. Be3 Qd6 17. Qd2
Rb8 18. Nb5 Nxb5 19. axb5 Rb7 20. Ra3 f5 21. Bh6 Bxh6 22. Qxh6 fxe4 23. Rxe4
Rf7 24. Rea4 Ree7 25. Qd2 Kg7 26. Kh2 {Kirali,M (1890)-Yenil,M (1714) Antalya
TUR 2019 0-1 (52)}) ({RR} 11... Bg4 12. h3 Bxf3 13. Bxf3 Nd7 14. Bg2 c4 15. Bf1
Rc8 16. Be3 Nac5 17. Bxc4 Bxc3 18. bxc3 Nxe4 19. Bf1 Nxc3 20. Qb3 Ne5 21. Rec1
Qf6 22. Qxb7 Rb8 23. Qa6 Nxd5 24. Bxa7 Ra8 25. Qb7 Nb4 26. Qxb4 {Short,P (2300)
-McCarthy,T (2020) Dublin 2008 1-0 (46)}) ({RR} 11... Rb8 12. a4 Nb4 13. Bf4 c4
14. e5 Ng4 15. exd6 Rxe1+ 16. Qxe1 Nd3 17. Qe7 Qd7 18. Ne4 f5 19. Neg5 Nxf4 20.
gxf4 Bf8 21. Qxd7 Bxd7 22. Ne5 Nf6 23. Nxc4 Rc8 24. b3 a6 25. a5 Bb5 26. Ne6 {
Castagna,R-Czerniak,M Varna 1962 1/2-1/2 (78)}) 12. a3 Ng4 13. Bf4 Ne5 14. Nxe5
dxe5 15. Be3 Bf8 16. Qd2 Nc7 17. Rad1 Bd6 18. f3 a6 19. Na4 Nb5 20. b4 Nxa3 21.
bxc5 Nc4 22. Qc1 Nxe3 23. Rxe3 bxc5 24. Nxc5 Qb6 25. Nb3 Bd7 26. Kh1 Rec8 27.
Rc3 Rxc3 28. Qxc3 Ba4 29. Rb1 Rb8 30. Bf1 Qb4 31. Qxb4 Rxb4 32. Nd2 Rxb1 33.
Nxb1 Bb4 34. Bd3 Bb3 35. Kg2 a5 36. d6 Kf8 37. f4 f6 38. Kf3 a4 39. fxe5 fxe5
40. Kg4 a3 41. Nxa3 Bxa3 42. Kg5 Kg7 43. d7 Be7+ 44. Kg4 Be6+ 45. Kf3 Bxd7 46.
Bf1 Kf6 47. h4 Ba4 48. Be2 Kg7 49. Kg2 Bc2 50. Kf3 h5 51. Bc4 Bb4 52. Bd5 Be1
53. Ba8 Bd1+ 54. Kg2 Kf6 55. Bc6 Ke7 56. Bd5 Bg4 57. Bg8 Be6 0-1

[Event "Sampa Chess Open 2024"]
[Site "Sao Paulo"]
[Date "2024.02.03"]
[Round "8.30"]
[White "Jorge, Denrick Cabral Jose"]
[Black "Usui, Gabriella Yumi"]
[Result "1-0"]
[WhiteElo "1874"]
[BlackElo "1448"]
[PlyCount "137"]
[EventDate "2024.01.29"]
[EventRounds "9"]
[EventCountry "BRA"]

1. e4 c5 2. Nc3 Nc6 3. g3 g6 4. d3 Bg7 5. Be3 d6 6. Qd2 Nf6 7. Bh6 O-O 8. h4
Bxh6 ({RR} 8... Ng4 9. Bxg7 Kxg7 10. Bg2 h5 11. Nge2 Qb6 12. Rb1 c4 13. O-O
cxd3 14. cxd3 Be6 15. d4 Bd7 16. Nd5 Qa6 17. Nc7 Qxa2 18. Nxa8 Rxa8 19. f3 Nf6
20. Qc3 Qa6 21. Nf4 Qb6 22. Kh2 Nxd4 23. Rfd1 {Novikova,M (2015)-Hosova,S 
(1578) chess.com INT 2021 1-0 (44)}) 9. Qxh6 Ng4 10. Qd2 h5 11. Nd5 $146 ({RR} 
11. Be2 Nf6 12. f3 Ne5 {1/2-1/2 (12) Gaetan,J (1879)-Cave,M (2030) Witley 1998}
) ({RR} 11. Bh3 Kg7 12. Bxg4 hxg4 13. O-O-O Rh8 14. h5 f6 15. Nd5 Ne5 16. Ne2
g5 17. d4 Nf3 18. Qe3 cxd4 19. Nxd4 Nxd4 20. Rxd4 Be6 21. f4 gxf3 22. e5 dxe5
23. Nxf6 Qxd4 24. Qxg5+ Kf8 25. h6 exf6 {Novkovic,J (2167)-Reich,T (2378)
Austria 2000 0-1 (57)}) 11... Kg7 12. O-O-O Nge5 13. Be2 Rh8 14. c3 Qa5 15. Kb1
b5 16. d4 cxd4 17. cxd4 Qxd2 18. Rxd2 Nc4 19. Rd1 Rb8 20. b3 Na3+ 21. Kb2 b4
22. Nxb4 Rxb4 23. d5 Ne5 24. Kxa3 Rxe4 25. Rc1 Bb7 26. f4 Ng4 27. Rc7 Bxd5 28.
Bf3 Rd4 29. Bxd5 Rxd5 30. Nf3 Rd3 31. Ng5 Re3 32. Rf1 f6 33. Nf3 Ra8 34. Re1
Kf7 35. Rxe3 Nxe3 36. Nd4 a5 37. Nc6 Nf5 38. Ka4 Ke6 39. Nxa5 d5 40. b4 d4 41.
Kb3 Kd5 42. Nc4 Ke4 43. b5 d3 44. b6 Rb8 45. a4 e5 46. Kc3 Nd4 47. fxe5 fxe5
48. Re7 Nc6 49. Re6 Kd5 50. Rd6+ Kc5 51. Rxd3 e4 52. Re3 Re8 53. a5 Nxa5 54.
Nxa5 Kxb6 55. Nb3 Kc6 56. Kd4 Kd6 57. Rxe4 Rf8 58. Rf4 Rd8 59. Ke4 Re8+ 60. Kf3
Rb8 61. Nd2 Ke6 62. Ne4 Rb3+ 63. Kg2 Rb2+ 64. Kh3 Ke5 65. Ng5 Rb6 66. Nf3+ Ke6
67. g4 hxg4+ 68. Kxg4 Rb5 69. Nd4+ 1-0

[Event "Sampa Chess Open 2024"]
[Site "Sao Paulo"]
[Date "2024.02.03"]
[Round "8.31"]
[White "De Paula, Luan Araujo"]
[Black "Barroso, Daniele Silva"]
[Result "1-0"]
[WhiteElo "1863"]
[BlackElo "1349"]
[PlyCount "97"]
[EventDate "2024.01.29"]
[EventRounds "9"]
[EventCountry "BRA"]

1. e4 c5 2. Nf3 Nc6 3. d4 cxd4 4. Nxd4 g6 5. Be3 Bg7 6. c4 Nf6 7. Nc3 O-O 8.
Be2 d6 9. O-O Bd7 10. f3 Rc8 11. Qd2 h5 12. Rac1 a6 13. h3 Ne5 14. b3 Qa5 $146
({RR} 14... Kh7 15. f4 Nc6 16. Nf3 Qa5 17. Bd3 e6 18. Bb1 Ne8 19. e5 Qc7 20.
exd6 Qxd6 21. Qxd6 Nxd6 22. Rfd1 {1-0 (22) Aharon,O (2304)-D'Haluin,W Caleta
2014}) 15. Nd5 Qd8 16. Bh6 Re8 17. Bxg7 Kxg7 18. f4 Nc6 19. Nxc6 Bxc6 20. Qd4
e5 21. fxe5 dxe5 22. Qf2 Re6 23. Rcd1 Bxd5 24. exd5 Rd6 25. c5 Rd7 26. b4 Ne4
27. Qe3 f5 28. d6 Qg5 29. Qxg5 Nxg5 30. Bc4 Kf6 31. a4 Ne6 32. Bxe6 Kxe6 33. a5
h4 34. Kf2 e4 35. Ke3 Ke5 36. Rd2 g5 37. Rfd1 f4+ 38. Ke2 e3 39. Rd5+ Kf6 40.
Kf3 Rg8 41. b5 axb5 42. a6 Rb8 43. axb7 Rdxb7 44. c6 Ra7 45. c7 Rba8 46. Rxb5
Ra2 47. d7 Rf2+ 48. Ke4 Ra4+ 49. Kd5 1-0

[Event "Sampa Chess Open 2024"]
[Site "Sao Paulo"]
[Date "2024.02.03"]
[Round "8.32"]
[White "Dionisio, Alex Monteiro"]
[Black "Martins De Aguiar, Marina"]
[Result "0-1"]
[WhiteElo "1514"]
[BlackElo "1862"]
[PlyCount "86"]
[EventDate "2024.01.29"]
[EventRounds "9"]
[EventCountry "BRA"]

1. e4 c5 2. Nf3 e6 3. d3 Nf6 4. g3 Be7 5. Bg2 d5 6. Qe2 Nc6 7. e5 Nd7 8. O-O
O-O 9. h4 b5 10. Bf4 Bb7 ({RR} 10... b4 11. Nbd2 Ba6 12. a3 c4 13. d4 bxa3 14.
bxa3 Qa5 15. Qe3 Rab8 16. Rfc1 Rb2 17. Ng5 Rfb8 18. Ndf3 Nf8 19. h5 Qa4 20. h6
g6 21. Ne1 c3 22. Ngf3 Qa5 23. Bg5 Bxg5 24. Nxg5 R2b7 25. Qf4 {Morozevich,A 
(2676)-Dvalishvili,P (2433) Moscow 2017 1/2-1/2 (67)}) 11. Nbd2 Qc7 12. Rfe1
Rfc8 13. Nf1 $146 ({RR} 13. h5 Nd4 14. Nxd4 cxd4 15. Rac1 Qa5 16. a3 b4 17. Qg4
bxa3 18. Bh6 g6 19. hxg6 hxg6 20. bxa3 Bxa3 21. Ra1 Rxc2 22. Nc4 dxc4 23. Bxb7
Rb8 24. Be4 Nf8 25. Qf3 Nh7 26. dxc4 Rc3 27. Qg4 Qc7 {Kostic,V (2319)-Rutesic,
V (2157) Novi Sad SRB 2018 1-0 (41)}) 13... Qd8 14. h5 h6 15. N1h2 c4 16. Ng4
cxd3 17. cxd3 Bf8 18. Qe3 Kh7 19. d4 Nb4 20. Re2 Qa5 21. a3 Nc6 22. Bf1 b4 23.
Rd2 Ba6 24. Bd3+ Bxd3 25. Qxd3+ Kh8 26. Qe3 bxa3 27. bxa3 Ne7 28. Nh4 Rc3 29.
Rd3 Rac8 30. Qe1 Qc7 31. Rad1 Nb6 32. Ne3 Ng8 33. g4 Bxa3 34. g5 hxg5 35. Bxg5
Rxd3 36. Rxd3 Be7 37. f4 Qc1 38. Rd1 Qb2 39. Rd2 Qb3 40. Qf2 Rc1+ 41. Nf1 Nc4
42. Ra2 Ne3 43. Kh2 Ng4+ 0-1

[Event "Sampa Chess Open 2024"]
[Site "Sao Paulo"]
[Date "2024.02.03"]
[Round "8.33"]
[White "Hirota Da Silva, Nilton"]
[Black "Simao, Davi Ribeiro"]
[Result "1-0"]
[WhiteElo "1827"]
[BlackElo "1320"]
[PlyCount "63"]
[EventDate "2024.01.29"]
[EventRounds "9"]
[EventCountry "BRA"]

1. d4 d5 2. Nf3 Nf6 3. e3 Bf5 4. Bd3 Bxd3 5. Qxd3 e6 6. O-O Nbd7 7. b3 Bd6 8.
Bb2 O-O 9. Nbd2 c5 10. Rfe1 Qc7 $146 ({RR} 10... Rc8 11. Ne5 Qc7 12. Ndf3 a6
13. Nxd7 Nxd7 14. e4 c4 15. bxc4 Qxc4 16. Qxc4 Rxc4 17. Rac1 Rfc8 18. c3 Nb6
19. Nd2 R4c6 20. Ba1 Na4 21. e5 Bb4 22. Re3 Nxc3 23. Bxc3 Bxc3 24. Nb3 Bxd4 25.
Rxc6 {Loerincz,B (1521)-Beck,T (1164) Lindau 2002 0-1 (35)}) 11. c4 cxd4 12.
exd4 dxc4 13. Nxc4 Rac8 14. Rac1 Qb8 15. h3 Rc6 16. Nce5 Rxc1 17. Rxc1 Bxe5 18.
dxe5 Nd5 19. Re1 Rc8 20. Ng5 g6 21. Qf3 Rf8 22. Qg4 h5 23. Qg3 N7b6 24. Nxe6
Rc8 25. Ng5 Rc2 26. Bd4 Rxa2 27. Nxf7 Kh7 28. Ng5+ Kg8 29. Ne4 Qe8 30. Rc1 Qf7
31. Qg5 Nf4 32. Nf6+ 1-0

[Event "Sampa Chess Open 2024"]
[Site "Sao Paulo"]
[Date "2024.02.03"]
[Round "8.34"]
[White "Moreira, Paulo Vinicius Mace"]
[Black "De Oliveira, Lucas Silva"]
[Result "1-0"]
[WhiteElo "1711"]
[BlackElo "1800"]
[PlyCount "57"]
[EventDate "2024.01.29"]
[EventRounds "9"]
[EventCountry "BRA"]

1. d4 Nf6 2. Nf3 g6 3. c4 Bg7 4. g3 O-O 5. Bg2 d6 6. O-O Nbd7 7. Nc3 c5 8. dxc5
Nxc5 9. Re1 ({RR} 9. Qc2 Bf5 10. Qd1 Qc8 11. Nd4 Bh3 12. f3 Bxg2 13. Kxg2 e5
14. Nc2 e4 15. Be3 exf3+ 16. exf3 Ne6 17. Qd3 a6 18. b4 d5 19. cxd5 Rd8 20.
Rac1 Rd7 21. Nd4 Nxd4 22. Bxd4 Qd8 23. Bxf6 Bxf6 {Gutierrez-Diaz,J (2445)
Mallorca 1993 1/2-1/2}) ({RR} 9. Nd4 a6 10. e4 Qc7 11. Qe2 Ng4 12. Nd5 Qd8 13.
Bg5 Re8 14. Rad1 h6 15. Bc1 Nf6 16. h3 Nxd5 17. cxd5 Kh7 18. b4 Nd7 19. f4 Nf6
20. e5 Ng8 21. Kh2 Rb8 22. a4 Ra8 23. Bb2 Rb8 {Boucher,D (1732)-Di Simoni,R 
(1476) Goiania 2016 1/2-1/2 (50)}) 9... Nfe4 $146 ({RR} 9... a6 10. Nd4 Rb8 11.
e4 Bd7 12. Rb1 Ng4 13. b4 Ne6 14. Nxe6 Bxe6 15. Nd5 Ne5 16. c5 dxc5 17. bxc5
Re8 18. Bf4 Qa5 19. Qc2 Rbc8 20. Rec1 Nd7 21. Be3 Bxd5 22. exd5 Nxc5 23. Bxc5
Bd4 24. Bb4 {Wiese,F (1876)-Prueter,R (1677) Mecklenburg VP 2003 1-0 (37)}) ({
RR} 9... Qb6 10. Be3 Qxb2 11. Na4 Nxa4 12. Qxa4 Bd7 13. Qd1 Ng4 14. Bg5 Qb6 15.
e3 Bxa1 16. Qxa1 f6 17. h3 fxg5 18. hxg4 Bxg4 19. Nxg5 h6 20. Bd5+ e6 21. Nxe6
Bxe6 22. Bxe6+ Kh7 23. Rb1 Qc7 24. Bd5 {Jirillo,A (1609)-Cordioli,L (1738)
Zevio 2014 0-1 (69)}) 10. Nxe4 Nxe4 11. Qc2 Nc5 12. e4 h6 13. Be3 e5 14. Rad1
Qc7 15. b3 f5 16. Nh4 Kh7 17. exf5 Bxf5 18. Nxf5 Rxf5 19. Rd5 Raf8 20. Red1
R5f6 21. Bxc5 dxc5 22. Rd7 Qa5 23. Rxb7 Rxf2 24. Qxf2 Rxf2 25. Kxf2 Qxa2+ 26.
Kg1 Qa6 27. Rdd7 Qf6 28. Rxa7 h5 29. Rxg7+ 1-0